[Event "Porto Sant Elpidio op-B 11th"]
[Site "Porto Sant Elpidio"]
[Date "2008.11.23"]
[Round "3"]
[White "Acciaioli, Fabio"]
[Black "Cutrona, Giuseppe"]
[Result "1-0"]
[WhiteElo "1765"]
[BlackElo "1533"]
[PlyCount "43"]
[EventDate "2008.11.22"]
[EventType "swiss"]
[EventRounds "6"]
[EventCountry "ITA"]
[SourceTitle "EXT 2011"]
[Source "ChessBase"]
[SourceDate "2010.11.26"]
[SourceVersion "1"]
[SourceVersionDate "2010.11.26"]
[SourceQuality "1"]

1. e4 e5 2. Nf3 Nc6 3. Bb5 a6 4. Ba4 Nf6 5. 0-0 b5 6. Bb3 Be7 7. Re1 0-0 8. a4 Bb7 9. c3 Re8 10. d3 h6 11. Be3 d5 12. axb5 axb5 13. Rxa8 Bxa8 14. exd5 Nxd5 15. Qe2 Nxe3 16. Qxe3 Bd6 17. Nbd2 Re7 18. Ne4 Kh8 19. Nh4 Qd7 20. Nf6 gxf6 21. Qxh6+ Kg8 22. Ng6 1-0